[Event "Esp-tch 2011 División Honor"]
[Site "Melilla ESP"]
[Date "2011.11.22"]
[Round "3"]
[White "Tejedor Fuentes, Enrique"]
[Black "Cabrera Trujillo, Jorge"]
[Result "0-1"]
[WhiteElo "2225"]
[BlackElo "2353"]
[PlyCount "68"]
[EventDate "2011.11.21"]
[EventType "team"]
[EventRounds "6"]
[EventCountry "ESP"]
[Source "lmi"]
[SourceDate "2011.11.21"]

1. e4 c5 2. Nf3 d6 3. d4 cxd4 4. Nxd4 Nf6 5. Nc3 a6 6. Bg5 Nbd7 7. f4 e5 8. Nf5
Qb6 9. Nd5 Nxd5 10. Qxd5 Qxb2 11. Bc4 Qc3+ 12. Kf2 f6 13. Bh4 Qxc2+ 14. Kf1 Nc5
15. Qf7+ Kd8 16. Bf2 Nd7 17. Bb3 Qxe4 18. Be6 Qxf4 19. Rd1 Qg4 20. Rc1 Nc5 21.
Bxc5 dxc5 22. Nxg7 Qf4+ 23. Ke2 Qe4+ 24. Kf2 Qf4+ 25. Ke2 Qe4+ 26. Kd2 Bxg7 27.
Qxg7 Bxe6 28. Qxh8+ Ke7 29. Qg7+ Bf7 30. Rc3 Rg8 31. Qh6 Rxg2+ 32. Kc1 Rg6 33.
Qe3 Qxh1+ 34. Kb2 Rg2+ 0-1

[Event "Esp-tch 2011 División Honor"]
[Site "Melilla ESP"]
[Date "2011.11.22"]
[Round "3"]
[White "Edouard, Romain"]
[Black "Perez Candelario, Manuel"]
[Result "1/2-1/2"]
[WhiteElo "2621"]
[BlackElo "2558"]
[PlyCount "119"]
[EventDate "2011.11.21"]
[EventType "team"]
[EventRounds "6"]
[EventCountry "ESP"]
[Source "lmi"]
[SourceDate "2011.11.21"]

1. e4 e5 2. Nf3 Nc6 3. Bb5 a6 4. Ba4 Nf6 5. O-O Be7 6. d3 b5 7. Bb3 d6 8. a3
O-O 9. h3 Bb7 10. Re1 Nb8 11. Nbd2 Nbd7 12. Nf1 h6 13. Ng3 Re8 14. Nh2 Nc5 15.
Ba2 Ne6 16. Ng4 Nxg4 17. Qxg4 Bg5 18. Nf5 Qf6 19. Be3 Kh7 20. Bd5 Bxd5 21. exd5
Bxe3 22. fxe3 g6 23. Rf1 gxf5 24. Rxf5 Qg7 25. dxe6 fxe6 26. Qxg7+ Kxg7 27. Rf3
Rf8 28. Rxf8 Rxf8 29. Rf1 Rc8 30. Kf2 c5 31. Ke2 c4 32. Kd2 a5 33. g4 Kg6 34.
h4 d5 35. d4 exd4 36. exd4 b4 37. axb4 axb4 38. Re1 Kf7 39. Ke3 Ra8 40. Kf4 Ra2
41. Rb1 Kf6 42. g5+ hxg5+ 43. hxg5+ Kg6 44. Ke5 Ra6 45. Rg1 Ra2 46. Rb1 Ra6 47.
b3 Rc6 48. Rg1 Ra6 49. bxc4 dxc4 50. Rb1 Rb6 51. d5 exd5 52. Kxd5 b3 53. c3 b2
54. Kxc4 Kxg5 55. Kd5 Kf4 56. c4 Ke3 57. c5 Rb8 58. c6 Kd3 59. c7 Rc8 60. Rxb2
1/2-1/2

[Event "Esp-tch 2011 División Honor"]
[Site "Melilla ESP"]
[Date "2011.11.22"]
[Round "3"]
[White "Gomez Esteban, Juan Mario"]
[Black "Carrasco Martinez, Juan M"]
[Result "1-0"]
[WhiteElo "2488"]
[BlackElo "2375"]
[PlyCount "33"]
[EventDate "2011.11.21"]
[EventType "team"]
[EventRounds "6"]
[EventCountry "ESP"]
[Source "lmi"]
[SourceDate "2011.11.21"]

1. d4 g6 2. e4 Bg7 3. Nf3 d6 4. Bc4 a6 5. O-O b5 6. Bb3 e6 7. a4 bxa4 8. Bxa4+
Nd7 9. d5 Ngf6 10. Nd4 Kf8 11. dxe6 Nc5 12. Bc6 Bxe6 13. Nxe6+ fxe6 14. e5 dxe5
15. Be3 Ncd7 16. Bxa8 Qxa8 17. Qd3 1-0

[Event "Esp-tch 2011 División Honor"]
[Site "Melilla ESP"]
[Date "2011.11.22"]
[Round "3"]
[White "Van Wely, Loek"]
[Black "Inarkiev, Ernesto"]
[Result "1/2-1/2"]
[WhiteElo "2686"]
[BlackElo "2686"]
[PlyCount "86"]
[EventDate "2011.11.21"]
[EventType "team"]
[EventRounds "6"]
[EventCountry "ESP"]
[Source "lmi"]
[SourceDate "2011.11.21"]

1. d4 d5 2. c4 c6 3. Nf3 Nf6 4. Nc3 dxc4 5. a4 Bf5 6. e3 e6 7. Bxc4 Bb4 8. O-O
Nbd7 9. Nh4 Bg6 10. Nxg6 hxg6 11. h3 Qc7 12. Qb3 a5 13. e4 Nb6 14. Be2 Rd8 15.
Be3 Bxc3 16. bxc3 Nxe4 17. c4 c5 18. d5 exd5 19. cxd5 O-O 20. Rfd1 Nc8 21. Rab1
Rfe8 22. Rdc1 Re7 23. Bf3 Ncd6 24. Bxe4 Nxe4 25. f3 Ng3 26. Rxc5 Ne2+ 27. Kh1
Ng3+ 28. Kg1 Ne2+ 29. Kh1 Qg3 30. Rc2 Nf4 31. Bxf4 Qxf4 32. Rc4 Qg5 33. Rd1 Re2
34. Rg4 Qe5 35. Re4 Rxe4 36. fxe4 Qxe4 37. Qb5 Qb4 38. Qxb4 axb4 39. Rd4 b3 40.
Rb4 Rxd5 41. Rxb7 Ra5 42. Rxb3 Rxa4 43. Rb8+ Kh7 1/2-1/2

[Event "Esp-tch 2011 División Honor"]
[Site "Melilla ESP"]
[Date "2011.11.22"]
[Round "3"]
[White "Andrade Salgado, Miguel"]
[Black "Kasimdzhanov, Rustam"]
[Result "0-1"]
[WhiteElo "1900"]
[BlackElo "2675"]
[PlyCount "80"]
[EventDate "2011.11.21"]
[EventType "team"]
[EventRounds "6"]
[EventCountry "ESP"]
[Source "lmi"]
[SourceDate "2011.11.21"]

1. e4 e5 2. Nf3 Nc6 3. Bb5 a6 4. Ba4 Nf6 5. O-O b5 6. Bb3 Bc5 7. a4 Rb8 8. Nxe5
Nxe5 9. d4 Bxd4 10. Qxd4 d6 11. f4 Nc6 12. Qc3 Ne7 13. f5 O-O 14. Qe1 Bb7 15.
Qh4 Nxe4 16. Nc3 Nxc3 17. bxc3 Bd5 18. f6 Ng6 19. Qh5 Bxb3 20. cxb3 Re8 21.
fxg7 Re5 22. Qf3 Qd7 23. axb5 axb5 24. Bd2 Qe6 25. Rf2 Kxg7 26. Raf1 f5 27. c4
Kg8 28. cxb5 Rbxb5 29. b4 Re4 30. Qc3 Rc4 31. Qa1 f4 32. Qa8+ Kg7 33. Rf3 Rf5
34. Bc3+ Ne5 35. Rh3 Rg5 36. Qd8 h6 37. Bxe5+ Rxe5 38. Ra3 Re1 39. Raf3 Rcc1
40. g3 Rxf1+ 0-1

[Event "Esp-tch 2011 División Honor"]
[Site "Melilla ESP"]
[Date "2011.11.23"]
[Round "4"]
[White "Inarkiev, Ernesto"]
[Black "Lalic, Bogdan"]
[Result "1-0"]
[WhiteElo "2686"]
[BlackElo "2454"]
[PlyCount "78"]
[EventDate "2011.11.21"]
[EventType "team"]
[EventRounds "6"]
[EventCountry "ESP"]
[Source "lmi"]
[SourceDate "2011.11.21"]

1. e4 e6 2. d4 d5 3. Nc3 Nf6 4. e5 Nfd7 5. f4 c5 6. Nf3 Nc6 7. Be3 a6 8. Qd2 b5
9. Nd1 cxd4 10. Nxd4 Nxd4 11. Bxd4 Bc5 12. c3 Qb6 13. Qe3 b4 14. Bd3 a5 15. O-O
Ba6 16. Bxa6 Rxa6 17. Nf2 bxc3 18. bxc3 O-O 19. Nd3 Bxd4 20. cxd4 Rc8 21. f5
exf5 22. Rab1 Qd8 23. Rxf5 g6 24. Rf2 Nf8 25. Qf3 Ra7 26. Nf4 Rc4 27. Rd1 Ne6
28. Nxe6 fxe6 29. h4 Qe8 30. Rdf1 Rb7 31. Qg4 Rbc7 32. Rf6 Rc1 33. Rxc1 Rxc1+
34. Kh2 Re1 35. h5 Re4 36. Qg5 Rxd4 37. hxg6 Rc4 38. Rf7 Qd8 39. g7 Rc6 1-0

[Event "Esp-tch 2011 División Honor"]
[Site "Melilla ESP"]
[Date "2011.11.23"]
[Round "4"]
[White "Galindo Rodriguez, Francisco"]
[Black "Andrade Salgado, Miguel"]
[Result "0-1"]
[WhiteElo "2237"]
[BlackElo "1900"]
[PlyCount "62"]
[EventDate "2011.11.21"]
[EventType "team"]
[EventRounds "6"]
[EventCountry "ESP"]
[Source "lmi"]
[SourceDate "2011.11.21"]

1. f4 c5 2. Nf3 g6 3. g3 Bg7 4. Bg2 d6 5. O-O Nc6 6. e4 Nf6 7. d3 O-O 8. a4 Rb8
9. c3 a6 10. Qe2 b5 11. axb5 axb5 12. e5 Nd5 13. e6 Bxe6 14. Ng5 Qd7 15. Nxe6
fxe6 16. Nd2 b4 17. Bh3 Nd8 18. c4 Ne3 19. Nf3 Nxf1 20. Ng5 Nxg3 21. hxg3 Rf5
22. Ra6 h6 23. Ne4 Qb7 24. Ra4 Ra8 25. b3 Rxa4 26. bxa4 b3 27. Bb2 Bd4+ 28. Kh2
Qb4 29. Bxf5 gxf5 30. Nf2 Bxb2 31. Qxb2 Qxa4 0-1

[Event "Esp-tch 2011 División Honor"]
[Site "Melilla ESP"]
[Date "2011.11.23"]
[Round "4"]
[White "Kasimdzhanov, Rustam"]
[Black "Svetushkin, Dmitry"]
[Result "1/2-1/2"]
[WhiteElo "2675"]
[BlackElo "2621"]
[PlyCount "45"]
[EventDate "2011.11.21"]
[EventType "team"]
[EventRounds "6"]
[EventCountry "ESP"]
[Source "lmi"]
[SourceDate "2011.11.21"]

1. d4 d5 2. c4 c6 3. Nf3 Nf6 4. Nc3 dxc4 5. a4 e6 6. e3 c5 7. Bxc4 Nc6 8. O-O
Be7 9. Qe2 cxd4 10. exd4 O-O 11. Rd1 Nd5 12. Bd3 Ncb4 13. Bb1 Bd7 14. Ne5 Rc8
15. Bd2 Bc6 16. Qg4 f5 17. Qe2 Bf6 18. a5 Qd6 19. Re1 Rfe8 20. Nc4 Qd7 21. Ne5
Qd6 22. Nc4 Qd7 23. Ne5 1/2-1/2

[Event "Esp-tch 2011 División Honor"]
[Site "Melilla ESP"]
[Date "2011.11.23"]
[Round "4"]
[White "Perez Candelario, Manuel"]
[Black "Bauer, Christian"]
[Result "0-1"]
[WhiteElo "2558"]
[BlackElo "2641"]
[PlyCount "146"]
[EventDate "2011.11.21"]
[EventType "team"]
[EventRounds "6"]
[EventCountry "ESP"]
[Source "lmi"]
[SourceDate "2011.11.21"]

1. e4 e6 2. d4 d5 3. Nd2 Nc6 4. Ngf3 Nf6 5. e5 Nd7 6. c3 f6 7. Bb5 fxe5 8. dxe5
Be7 9. O-O O-O 10. Re1 a5 11. Bd3 Qe8 12. Nf1 Nc5 13. Bc2 b6 14. Ng3 Bb7 15.
Ng5 Bxg5 16. Bxg5 Qf7 17. f3 Kh8 18. Be3 Rad8 19. Bxc5 bxc5 20. Qd3 g6 21. Qb5
Ba8 22. Qxc5 Qg7 23. Rad1 Nxe5 24. b3 Rde8 25. Qxa5 Rf4 26. Qc5 Ref8 27. Re3
Rc8 28. Ne2 Nd7 29. Qa5 Rf6 30. c4 c5 31. cxd5 exd5 32. Ng3 Bc6 33. Qd2 Ra8 34.
a4 Rf7 35. Rde1 Nf8 36. Re5 Rc8 37. Qf2 Nd7 38. Re6 Nf8 39. R6e2 Nd7 40. h4 Qf6
41. h5 gxh5 42. Nf5 Nf8 43. Ne7 Rc7 44. Qxc5 d4 45. Nxc6 Rxc6 46. Qxh5 Rc3 47.
Rd1 Ne6 48. Qd5 Nf4 49. Re8+ Kg7 50. Qe4 Kh6 51. Bd3 Rg7 52. g4 Rf7 53. Rg8 Qh4
54. Bf1 Qg3+ 55. Kh1 Qh4+ 56. Kg1 Qg3+ 57. Kh1 Rxf3 58. Qc6+ Ng6 59. Bg2 Qxg4
60. Qc1+ Re3 61. Rxg6+ hxg6 62. Kg1 Rfe7 63. Rf1 Kg7 64. Qc6 Re2 65. Qa8 Re8
66. Qb7+ R2e7 67. Qd5 Re1 68. Qf7+ Kh6 69. Qf2 Rxf1+ 70. Qxf1 Qg3 71. Qc1+ Qe3+
72. Qxe3+ Rxe3 73. Bd5 d3 0-1

[Event "Esp-tch 2011 División Honor"]
[Site "Melilla ESP"]
[Date "2011.11.23"]
[Round "4"]
[White "San Segundo Carrillo, Pablo"]
[Black "Rocha, Sergio"]
[Result "1/2-1/2"]
[WhiteElo "2509"]
[BlackElo "2410"]
[PlyCount "63"]
[EventDate "2011.11.21"]
[EventType "team"]
[EventRounds "6"]
[EventCountry "ESP"]
[Source "lmi"]
[SourceDate "2011.11.21"]

1. d4 d6 2. Nf3 Bg4 3. c4 e5 4. dxe5 Nc6 5. exd6 Bxd6 6. Nc3 Nf6 7. Bg5 Qe7 8.
Qa4 Bxf3 9. gxf3 O-O-O 10. O-O-O Qe5 11. f4 Qf5 12. e3 Bb4 13. Bxf6 Rxd1+ 14.
Qxd1 Qxf6 15. Nd5 Qh4 16. Qf3 f5 17. Qg3 Qh6 18. Qg5 Qxg5 19. fxg5 Bd6 20. h4
h6 21. g6 Kd8 22. Bh3 Rf8 23. Rd1 Ne5 24. b3 c6 25. Nf4 Ke7 26. h5 a5 27. Kd2
Nf3+ 28. Ke2 Ng5 29. Bg2 Bxf4 30. exf4 Ne6 31. Ke3 Re8 32. Bh3 1/2-1/2

[Event "Esp-tch 2011 División Honor"]
[Site "Melilla ESP"]
[Date "2011.11.23"]
[Round "4"]
[White "Carrasco Martinez, Juan M"]
[Black "Gonzalez De La Torre, Santiago"]
[Result "0-1"]
[WhiteElo "2375"]
[BlackElo "2431"]
[PlyCount "64"]
[EventDate "2011.11.21"]
[EventType "team"]
[EventRounds "6"]
[EventCountry "ESP"]
[Source "lmi"]
[SourceDate "2011.11.21"]

1. Nf3 c5 2. b3 d6 3. e3 e5 4. Bb5+ Bd7 5. Bxd7+ Qxd7 6. d4 cxd4 7. exd4 e4 8.
Nfd2 d5 9. O-O Nf6 10. c4 Nc6 11. cxd5 Qxd5 12. Nc3 Qxd4 13. Ndxe4 Nxe4 14.
Qxd4 Nxd4 15. Nxe4 Be7 16. Bb2 Ne2+ 17. Kh1 O-O 18. Rfd1 Rfd8 19. g3 f5 20. Nd2
Rac8 21. Nc4 b5 22. Ne3 f4 23. Nd5 Bd6 24. Rd2 f3 25. Rad1 Re8 26. h3 Bc5 27.
Rc2 Kf7 28. Ne3 Bxe3 29. Rxc8 Rxc8 30. fxe3 Nxg3+ 31. Kh2 Ne4 32. Be5 Ke6 0-1

[Event "Esp-tch 2011 División Honor"]
[Site "Melilla ESP"]
[Date "2011.11.23"]
[Round "4"]
[White "Abadie Romero, Jonathan"]
[Black "Korneev, Oleg"]
[Result "1/2-1/2"]
[WhiteElo "2012"]
[BlackElo "2608"]
[PlyCount "77"]
[EventDate "2011.11.21"]
[EventType "team"]
[EventRounds "6"]
[EventCountry "ESP"]
[Source "lmi"]
[SourceDate "2011.11.21"]

1. c4 e5 2. Nc3 Nf6 3. Nf3 Nc6 4. d3 Bb4 5. Bg5 h6 6. Bxf6 Bxc3+ 7. bxc3 Qxf6
8. Nd2 O-O 9. g3 b6 10. Bg2 Bb7 11. e4 Ne7 12. O-O Qd6 13. d4 Rab8 14. c5 bxc5
15. Nc4 Qe6 16. Nxe5 cxd4 17. cxd4 d5 18. Qa4 Rfd8 19. Qxa7 dxe4 20. Rab1 Qa6
21. Qxa6 Bxa6 22. Rxb8 Rxb8 23. Rc1 f5 24. Bf1 Bxf1 25. Kxf1 c6 26. a4 Rb4 27.
Ra1 Rxd4 28. a5 Rd8 29. a6 Ra8 30. Ke2 Ra7 31. Kd2 g5 32. Kc2 Nd5 33. Kb3 Nc7
34. Nxc6 Rxa6 35. Rxa6 Nxa6 36. Ne7+ Kh7 37. Nxf5 Nc5+ 38. Kc3 Nd3 39. f3
1/2-1/2

[Event "Esp-tch 2011 División Honor"]
[Site "Melilla ESP"]
[Date "2011.11.23"]
[Round "4"]
[White "Villavicencio Martinez, Adalbert"]
[Black "Gomez Esteban, Juan Mario"]
[Result "1-0"]
[WhiteElo "2308"]
[BlackElo "2488"]
[PlyCount "93"]
[EventDate "2011.11.21"]
[EventType "team"]
[EventRounds "6"]
[EventCountry "ESP"]
[Source "lmi"]
[SourceDate "2011.11.21"]

1. d4 Nf6 2. Nf3 e6 3. c4 b6 4. g3 Ba6 5. b3 Bb4+ 6. Bd2 Be7 7. Bg2 c6 8. O-O
d5 9. Ne5 Nfd7 10. Nxd7 Nxd7 11. Bc3 O-O 12. Nd2 Rb8 13. e4 b5 14. Re1 dxc4 15.
bxc4 bxc4 16. Qa4 Bb5 17. Qc2 h6 18. a4 Ba6 19. Rab1 Qc7 20. Bf1 c5 21. d5 exd5
22. exd5 Rxb1 23. Rxb1 Nf6 24. Bxf6 Bxf6 25. Bxc4 Bc8 26. Bb5 Bh3 27. Bc6 Rb8
28. Nc4 Rxb1+ 29. Qxb1 g6 30. Qe4 Kg7 31. d6 Qb8 32. Bb7 Be6 33. Bd5 Bf5 34.
Qe2 Qb1+ 35. Qf1 Qb4 36. a5 Bd4 37. Kg2 Qc3 38. Qe2 Qc2 39. Qxc2 Bxc2 40. d7
Bf6 41. Nd6 Kf8 42. Nb7 c4 43. Kf3 c3 44. Ke3 Ba4 45. d8=Q+ Bxd8 46. Nxd8 f6
47. Nc6 1-0

[Event "Esp-tch 2011 División Honor"]
[Site "Melilla ESP"]
[Date "2011.11.24"]
[Round "5"]
[White "Edouard, Romain"]
[Black "Delchev, Aleksander"]
[Result "1-0"]
[WhiteElo "2621"]
[BlackElo "2629"]
[PlyCount "101"]
[EventDate "2011.11.21"]
[EventType "team"]
[EventRounds "6"]
[EventCountry "ESP"]
[Source "lmi"]
[SourceDate "2011.11.21"]

1. d4 d5 2. Nf3 Nf6 3. c4 dxc4 4. e3 Bg4 5. Bxc4 e6 6. Nc3 Nbd7 7. h3 Bh5 8. e4
Bb4 9. e5 Nd5 10. Bxd5 exd5 11. O-O Nb6 12. Qd3 O-O 13. Bg5 Be7 14. Bxe7 Qxe7
15. a4 c6 16. a5 Nd7 17. Rae1 Rfe8 18. Nh2 Bg6 19. Qd2 Nf8 20. f4 f5 21. Nd1
Ne6 22. Ne3 Rf8 23. g3 Rad8 24. b4 b6 25. axb6 axb6 26. Rd1 Be8 27. Rc1 c5 28.
dxc5 bxc5 29. bxc5 d4 30. Ng2 Bc6 31. Nf3 d3 32. Kh2 Nd4 33. Nxd4 Rxd4 34. Ne3
Qe6 35. Ra1 Ra8 36. Rxa8+ Bxa8 37. Rb1 Be4 38. Rb8+ Kf7 39. Rb6 Qc8 40. Qa2+
Kf8 41. c6 d2 42. Rb7 Qe8 43. Qa3+ Kg8 44. Qb3+ Kf8 45. Rb8 Rd8 46. c7 Rc8 47.
Qb4+ Kf7 48. Qc4+ Ke7 49. Qa6 Qd7 50. Qxc8 d1=Q 51. Qf8+ 1-0

[Event "Esp-tch 2011 División Honor"]
[Site "Melilla ESP"]
[Date "2011.11.24"]
[Round "5"]
[White "Ubilava, Elizbar"]
[Black "Del Rio De Angelis, Salvador G"]
[Result "0-1"]
[WhiteElo "2527"]
[BlackElo "2534"]
[PlyCount "94"]
[EventDate "2011.11.21"]
[EventType "team"]
[EventRounds "6"]
[EventCountry "ESP"]
[Source "lmi"]
[SourceDate "2011.11.21"]

1. d4 d6 2. Nf3 Bg4 3. e3 Nd7 4. h3 Bh5 5. Be2 Ngf6 6. b3 e5 7. dxe5 dxe5 8.
Bb2 Bb4+ 9. Nfd2 Bg6 10. a3 Ba5 11. b4 Bb6 12. Nc4 Qe7 13. O-O O-O 14. Nbd2
Rfd8 15. Nf3 c6 16. Nxb6 Nxb6 17. Qc1 Nfd7 18. Rb1 Bh5 19. e4 Bxf3 20. Bxf3 Nc4
21. Rd1 Ndb6 22. Rxd8+ Rxd8 23. Bc3 Nd6 24. Be1 Qh4 25. Qe3 Ndc4 26. Qc3 Rd4
27. Ra1 Na4 28. Qb3 b5 29. Bc3 Nxc3 30. Qxc3 Rd2 31. Rf1 g6 32. a4 a6 33. axb5
axb5 34. Qa1 Kg7 35. Qa8 Rd6 36. Qb8 Qf6 37. Ra1 Nd2 38. Ra3 Rd4 39. Rd3 Rxd3
40. cxd3 Nb3 41. Bd1 Nc1 42. Qa7 Nxd3 43. Be2 Nf4 44. Bf1 Qd6 45. Qb6 Qd1 46.
Qc5 Ne2+ 47. Kh2 Qxf1 0-1

[Event "Esp-tch 2011 División Honor"]
[Site "Melilla ESP"]
[Date "2011.11.24"]
[Round "5"]
[White "Van Wely, Loek"]
[Black "Illescas Cordoba, Miguel"]
[Result "1/2-1/2"]
[WhiteElo "2686"]
[BlackElo "2609"]
[PlyCount "120"]
[EventDate "2011.11.21"]
[EventType "team"]
[EventRounds "6"]
[EventCountry "ESP"]
[Source "lmi"]
[SourceDate "2011.11.21"]

1. d4 Nf6 2. c4 e6 3. Nf3 d5 4. Nc3 c5 5. cxd5 Nxd5 6. e4 Nxc3 7. bxc3 cxd4 8.
cxd4 Bb4+ 9. Bd2 Bxd2+ 10. Qxd2 O-O 11. Bc4 Nd7 12. O-O b6 13. Rfe1 Bb7 14.
Rad1 Rc8 15. Bd3 Re8 16. h3 Nf8 17. h4 Re7 18. h5 h6 19. Qf4 Qc7 20. Qh4 Rd7
21. Bb5 Rdd8 22. Ne5 Nh7 23. Bc4 Nf6 24. Bb3 Kf8 25. Rd3 Qe7 26. Nf3 Qb4 27.
Rde3 Re8 28. a3 Qa5 29. d5 exd5 30. e5 Ne4 31. Qf4 Kg8 32. Nd4 Ng5 33. Nf5 Rcd8
34. Rc1 Qxa3 35. Rc7 Bc8 36. Nxg7 Kxg7 37. Qf6+ Kg8 38. Qxh6 Rxe5 39. f4 Nh3+
40. gxh3 Qa1+ 41. Kh2 Rxe3 42. Qg5+ Qg7 43. Qxd8+ Kh7 44. Bc2+ Kh6 45. Qg5+
Qxg5 46. fxg5+ Kxh5 47. Rxc8 Kxg5 48. Rg8+ Kh6 49. Bf5 a5 50. Rd8 a4 51. Rd6+
Kg5 52. Bd7 a3 53. Rxb6 d4 54. Rb5+ Kf6 55. Ra5 Rc3 56. Kg2 d3 57. Bg4 a2 58.
Kg3 d2+ 59. Kf2 Rc1 60. Rxa2 Ke5 1/2-1/2

[Event "Esp-tch 2011 División Honor"]
[Site "Melilla ESP"]
[Date "2011.11.24"]
[Round "5"]
[White "Korneev, Oleg"]
[Black "Kasimdzhanov, Rustam"]
[Result "0-1"]
[WhiteElo "2608"]
[BlackElo "2675"]
[PlyCount "128"]
[EventDate "2011.11.21"]
[EventType "team"]
[EventRounds "6"]
[EventCountry "ESP"]
[Source "lmi"]
[SourceDate "2011.11.21"]

1. e4 e5 2. Bc4 Nf6 3. d3 Nc6 4. Nf3 Bc5 5. O-O d6 6. c3 a6 7. Bb3 Ba7 8. Nbd2
h6 9. Re1 O-O 10. h3 Be6 11. Nf1 Re8 12. Be3 Bxe3 13. Nxe3 Qd7 14. Nh4 Rad8 15.
Nhf5 Ne7 16. Nxe7+ Rxe7 17. Bxe6 Rxe6 18. Ng4 d5 19. Nxf6+ Rxf6 20. d4 Rg6 21.
Kh1 dxe4 22. Rxe4 Qc6 23. f3 Qb6 24. Qd2 exd4 25. Rxd4 Rxd4 26. cxd4 Rd6 27.
Rd1 c6 28. b4 Qd8 29. a3 h5 30. Qf4 g6 31. Qe5 Rd5 32. Qe4 Kg7 33. Kg1 a5 34.
Kh1 axb4 35. axb4 Qd6 36. Qb1 Rb5 37. Qa1 Kh7 38. Qa2 Kg8 39. Qa8+ Qf8 40.
Qxf8+ Kxf8 41. Rb1 Ke7 42. Kg1 Kd6 43. Kf2 Kd5 44. Ke3 Kc4 45. Ke4 f5+ 46. Kf4
Rxb4 47. Rc1+ Kxd4 48. Rd1+ Kc3+ 49. Kg5 Rd4 50. Rb1 Rd6 51. Rb6 Kd4 52. g4
hxg4 53. hxg4 fxg4 54. fxg4 Kd5 55. Rxb7 c5 56. Kf4 c4 57. Ke3 c3 58. Rc7 Rc6
59. Rd7+ Ke5 60. Rd1 c2 61. Rc1 g5 62. Kd2 Kf4 63. Rf1+ Kxg4 64. Kc1 Rc5 0-1

[Event "Esp-tch 2011 División Honor"]
[Site "Melilla ESP"]
[Date "2011.11.24"]
[Round "5"]
[White "Rivas Pastor, Manuel"]
[Black "Perez Candelario, Manuel"]
[Result "0-1"]
[WhiteElo "2556"]
[BlackElo "2558"]
[PlyCount "74"]
[EventDate "2011.11.21"]
[EventType "team"]
[EventRounds "6"]
[EventCountry "ESP"]
[Source "lmi"]
[SourceDate "2011.11.21"]

1. f4 g6 2. e4 c5 3. Nf3 Bg7 4. c3 d6 5. d3 Nc6 6. Be3 Nf6 7. Nbd2 O-O 8. Be2
Ng4 9. Bg1 f5 10. Ng5 Kh8 11. h3 Nh6 12. Bh2 e5 13. O-O Qe7 14. Qb3 Bf6 15.
Ndf3 Ng8 16. h4 exf4 17. Rae1 fxe4 18. Bd1 Ne5 19. Nxe4 Nxf3+ 20. Bxf3 Bxh4 21.
Re2 Be6 22. c4 Qg7 23. Nxc5 Bf5 24. Ne6 Bxe6 25. Rxe6 Rab8 26. Rxd6 Bf6 27. Be4
g5 28. Qb5 Rf7 29. Qd5 Nh6 30. g3 Ng4 31. Qe6 Bd4+ 32. Kh1 Nxh2 33. Kxh2 Rf6
34. Qd7 Qh6+ 35. Kg2 Rxd6 36. Qg4 Qg7 37. c5 Rh6 0-1

[Event "Esp-tch 2011 División Honor"]
[Site "Melilla ESP"]
[Date "2011.11.24"]
[Round "5"]
[White "Rocha, Sergio"]
[Black "Ibarra Jerez, Jose Carlos"]
[Result "1/2-1/2"]
[WhiteElo "2410"]
[BlackElo "2515"]
[PlyCount "53"]
[EventDate "2011.11.21"]
[EventType "team"]
[EventRounds "6"]
[EventCountry "ESP"]
[Source "lmi"]
[SourceDate "2011.11.21"]

1. e4 c5 2. Nf3 e6 3. d4 cxd4 4. Nxd4 a6 5. g3 d5 6. Nc3 dxe4 7. Nxe4 e5 8. Nb3
Qxd1+ 9. Kxd1 Nc6 10. Be3 Bg4+ 11. Be2 O-O-O+ 12. Ke1 Bf5 13. Bd3 Bg6 14. Bb6
Re8 15. h4 f5 16. Nec5 Nh6 17. Bc4 Bf7 18. Bxf7 Nxf7 19. Ke2 Nd6 20. Rhd1 Nc4
21. Na4 Bd6 22. Kd3 Nxb6 23. Nxb6+ Kc7 24. Nd5+ Kc8 25. Nb6+ Kc7 26. Nd5+ Kc8
27. Nb6+ 1/2-1/2

[Event "Esp-tch 2011 División Honor"]
[Site "Melilla ESP"]
[Date "2011.11.24"]
[Round "5"]
[White "Lalic, Bogdan"]
[Black "Carrasco Martinez, Juan M"]
[Result "1/2-1/2"]
[WhiteElo "2454"]
[BlackElo "2375"]
[PlyCount "57"]
[EventDate "2011.11.21"]
[EventType "team"]
[EventRounds "6"]
[EventCountry "ESP"]
[Source "lmi"]
[SourceDate "2011.11.21"]

1. d4 Nf6 2. c4 c5 3. d5 b5 4. cxb5 a6 5. bxa6 g6 6. Nc3 Bxa6 7. Nf3 d6 8. g3
Bg7 9. Bg2 Nbd7 10. Rb1 O-O 11. O-O Qa5 12. Qc2 Nb6 13. Nd4 Bd3 14. Qxd3 cxd4
15. b4 Qa7 16. Nb5 Qxa2 17. Nxd4 Nfxd5 18. Nc6 e6 19. Rb3 Rfe8 20. b5 Nd7 21.
Bxd5 exd5 22. Ra3 Rxa3 23. Qxa3 Qxe2 24. Qxd6 Nb6 25. Be3 Nc4 26. Qd7 Rxe3 27.
fxe3 Qxe3+ 28. Kh1 Qe4+ 29. Kg1 1/2-1/2

[Event "Esp-tch 2011 División Honor"]
[Site "Melilla ESP"]
[Date "2011.11.25"]
[Round "6"]
[White "Jobava, Baadur"]
[Black "Svetushkin, Dmitry"]
[Result "1/2-1/2"]
[WhiteElo "2678"]
[BlackElo "2621"]
[PlyCount "59"]
[EventDate "2011.11.21"]
[EventType "team"]
[EventRounds "6"]
[EventCountry "ESP"]
[Source "lmi"]
[SourceDate "2011.11.21"]

1. d4 d5 2. c4 c6 3. Nc3 Nf6 4. Nf3 dxc4 5. a4 e6 6. Bg5 Bb4 7. e3 b5 8. Nd2
Bb7 9. axb5 Bxc3 10. bxc3 cxb5 11. Be2 Nbd7 12. Rb1 Bxg2 13. Rg1 Bc6 14. Bh4
Qc7 15. Rxg7 Qxh2 16. Bf3 Qxh4 17. Bxc6 Kf8 18. Nf3 Qh6 19. Rg2 Rc8 20. Bxd7
Nxd7 21. Rxb5 Rg8 22. Rxg8+ Kxg8 23. Ke2 Kh8 24. Qa4 Qg6 25. Qd1 h6 26. Rb7 Rd8
27. Rxa7 Rb8 28. Rxd7 Rb2+ 29. Nd2 Qg4+ 30. Ke1 1/2-1/2

[Event "Esp-tch 2011 División Honor"]
[Site "Melilla ESP"]
[Date "2011.11.25"]
[Round "6"]
[White "Perez Candelario, Manuel"]
[Black "Inarkiev, Ernesto"]
[Result "1-0"]
[WhiteElo "2558"]
[BlackElo "2686"]
[PlyCount "135"]
[EventDate "2011.11.21"]
[EventType "team"]
[EventRounds "6"]
[EventCountry "ESP"]
[Source "lmi"]
[SourceDate "2011.11.21"]

1. e4 c5 2. Ne2 d6 3. g3 g6 4. Bg2 Bg7 5. c3 Nc6 6. d4 Qb6 7. d5 Ne5 8. f4 Nd7
9. O-O Ngf6 10. c4 Qb4 11. Na3 O-O 12. Qd3 Qa5 13. Bd2 Qd8 14. Nc2 b5 15. cxb5
a6 16. a4 Qb6 17. Qc4 Qb7 18. Nc3 Ne8 19. b4 axb5 20. axb5 Rxa1 21. Rxa1 Nc7
22. bxc5 Nxc5 23. Rb1 e6 24. Ne3 Qb6 25. Kh1 Bb7 26. dxe6 fxe6 27. f5 gxf5 28.
Nxf5 Nxe4 29. Ne7+ Kf7 30. Nxe4 Kxe7 31. Be3 Qa5 32. Bd2 Qb6 33. Be3 Qa5 34.
Bg5+ Kd7 35. Nc5+ dxc5 36. Bxb7 Bd4 37. Bc6+ Kd6 38. Bf4+ e5 39. Bh6 Rf2 40.
Qg8 Ne6 41. Qxh7 Qc7 42. Qe4 c4 43. Qd5+ Ke7 44. Qxc4 Qc8 45. Rf1 Qh8 46. Rxf2
Bxf2 47. Qh4+ Kd6 48. Qb4+ Bc5 49. Qd2+ Nd4 50. Qg5 Ne6 51. Qg6 Qd8 52. Kg2 Bd4
53. h4 Qe7 54. Bf3 Kc5 55. Qc2+ Kxb5 56. Qc6+ Kb4 57. Bd2+ Ka3 58. Bc1+ Kb4 59.
Bd2+ Ka3 60. Qa6+ Kb2 61. Bd5 Kc2 62. Qa2+ Bb2 63. Qb3+ Kxd2 64. Qxb2+ Kd3 65.
Qb3+ Kd2 66. Bxe6 e4 67. Qd5+ Ke3 68. Qg5+ 1-0